000 01429cam a2200241 4500
001 ABS66630
008 030429n2003 000 0 eng u
035 _a(Sirsi) u122103
100 _aBlackwood, D.
245 _aReclaim pride in city living
260 _c2003
490 _aEstates Gazette
_v(0315) 12 April 2003, 123(1)
520 _aArgues for improved public spaces in UK cities. Suggests that the provision and care of public spaces should be guaranteed beyond individual developments and that a wide range of factors including open green spaces, the quality of streets and public transport should form a 'net' over a city to provide guidelines for developers and building designers. Concludes that King's Cross and Victoria are two areas that would benefit from a clear public realm masterplan. Refers to a recent CABE lecture "From rags to riches: the case for better spaces" which is available at www.cabe.org.uk.
590 _aABS
650 _aPUBLIC SPACE
650 _aURBAN DESIGN
650 _aLONDON
650 _aGREEN SPACES
650 _aBUILT ENVIRONMENT
690 _aENVIRONMENTAL AND LAND CONSULTANCY-PLANNING AND DEVELOPMENT
856 _uhttps://webarchive.nationalarchives.gov.uk/20110118095356/http:/www.cabe.org.uk/articles/from-rags-to-riches-the-case-for-better-public-spaces
_zView the lecture free of charge in the Cabe Archive at webarchive.nationalarchives.gov.uk
942 _n0
999 _c72557
_d72557